| 000 | 01309cam a2200313 4500 | ||
|---|---|---|---|
| 001 | WS118986 | ||
| 008 | 020722n 000 0 eng u | ||
| 035 | _a(Sirsi) u118986 | ||
| 110 |
_aAustralian Communications Agency _94298 |
||
| 245 | _aAustralian Communications Agency | ||
| 520 | _aWeb site for this Australian government body responsible for regulating telecommunications and radio communications including promoting industry self-regulation and managing the radio frequency spectrum. Includes details of the regulatory environment and details of current issues. Also provides links to the register of radio communications licences, cabling registers and register of allocated numbers. | ||
| 650 | _aAUSTRALIAN COMMUNICATION AUTHORITY ACT 1997 | ||
| 650 | _aTELECOMMUNICATIONS ACT 1997 | ||
| 650 | _aRADIO COMMUNICATIONS ACT 1992 | ||
| 650 | _aGOVERNMENT | ||
| 650 | _aAUSTRALIA | ||
| 650 | _aINTERNATIONAL | ||
| 650 | _aSPECTRUM MANAGEMENT | ||
| 650 | _aMOBILE PHONES | ||
| 650 | _aLICENSING | ||
| 650 | _aSTANDARDS | ||
| 650 | _aNUMBERING | ||
| 650 | _aCONSUMER ADVICE | ||
| 650 | _aINTERNET | ||
| 650 | _aTELECOMMUNICATIONS | ||
| 690 | _aTRANSPORT AND COMMUNICATIONS | ||
| 856 | 4 | 0 |
_uhttps://www.aca.gov.au _zView the website free of charge at www.aca.gov.au... |
| 942 | _n0 | ||
| 999 |
_c120127 _d120127 |
||